| 000 | 01033nam a2200229Ia 4500 | ||
|---|---|---|---|
| 003 | OSt | ||
| 005 | 20210915102559.0 | ||
| 008 | 210310s1987 ck ad gr 000 0 spa d | ||
| 040 |
_aCO-JMCR _cCO-JMCR |
||
| 041 | 0 | _aspa | |
| 082 | 0 | 4 |
_a338.2741 / _bI597o _223 |
| 110 | 2 |
_aInstituto de estudios colombianos _940436 |
|
| 245 | 1 | 3 |
_aEl oro en Colombia / _cInstituto de Estudios Colombianos |
| 260 |
_aBogotá : _bBanco de la República, _c1987. |
||
| 300 |
_a290 páginas : _bilustraciones, mapas y gráficas en blanco y negro ; _c24 cm. |
||
| 490 | 0 |
_aIEC ; _v4 |
|
| 501 | _aCon: notas a pie de página. | ||
| 505 | 0 | _aCaracterísticas y usos del oro. -- El mercado internacional del oro. -- La producción nacional de Oro. -- Formas y relaciones de producción. -- La demanda actual. -- La caracterización del oro en el país. -- Organización institucional. -- Programas y proyectos. -- Conclusiones y recomendaciones. | |
| 650 | 1 | 4 |
_aMinas de oro y minería _940437 |
| 650 | 2 | 4 |
_aIndustria del oro _940438 |
| 942 |
_2ddc _cBK |
||
| 999 |
_c12450 _d12450 |
||